000 00876nam a22002414a 4500
005 20081128140742.0
008 080618s2008 ii a 001 0 eng
010 _aENG-92129
020 _c80.00
035 _aEN-75662
037 _bDBAD / PUB
040 _adpl
_bEnglish
082 _a541.3724
100 _aPalanisamy, T.
240 _aCorrespondence
245 _aElectrochemical studies of pantoprazole on glassy carbon and clay modified electrodes /
_cby T. Palanisamy
260 _aTrichy
_bSri Mukil Publications
_c2007
300 _a94p.
_c20 cm (pbk)
500 _aIncludes bibliographical references
650 _aElectrochemistry.
942 _2ddc
_cEN
_mPAL
_h541.3724
999 _c19711
_d19711